000
00330nam a2200145Ia 4500
008
210210b1929 xxu||||| |||| 00| 0 eng d
041
_a
eng
082
_a
822/18
100
_a
ADDISON (J)
245
_a
Essays
260
_a
London
_b
Macmillan & Co. Ltd.
_c
1929
650
_a
Essays
690
_a
English Prose
906
_a
012204
999
_c
130979
_d
130979